000 01477nam a2200349Ia 4500
001 ebr10309223
003 CaPaEBR
006 m u
007 cr cn|||||||||
008 090414s2008 ne a sb 000 0 eng d
020 _z9781586039554 (pbk.)
020 _z1586039555 (pbk.)
040 _aCaPaEBR
_cCaPaEBR
035 _a(OCoLC)647816489
050 1 4 _aGT170
_b.C66 2008eb
100 1 _aCoolen, Henny,
_d1949-
245 1 4 _aThe meaning of dwelling features
_h[electronic resource] :
_bconceptual and methodological issues /
_cHendrikus Christianus Catharina Helena Coolen.
260 _aAmsterdam :
_bDelft University Press,
_cc2008.
300 _a153 p. :
_bill.
490 1 _aSustainable urban areas,
_x1574-6410 ;
_v24
500 _aOriginally presented as the author's thesis (doctoral)--Delft University of Technology, Delft, 2008.
504 _aIncludes bibliographical references (p. 149-151).
533 _aElectronic reproduction.
_bPalo Alto, Calif. :
_cebrary,
_d2011.
_nAvailable via World Wide Web.
_nAccess may be limited to ebrary affiliated libraries.
546 _aIn English, with summary in Dutch.
650 0 _aDwellings.
650 0 _aHousing.
650 0 _aArchitecture, Domestic.
655 7 _aElectronic books.
_2local
710 2 _aebrary, Inc.
830 0 _aSustainable urban areas ;
_v24.
856 4 0 _uhttp://site.ebrary.com/lib/rucke/Doc?id=10309223
_zAn electronic book accessible through the World Wide Web; click to view
999 _c61688
_d61688